[Event "Lueneburg distr-ch Haupt"]
[Site "Muenster"]
[Date "2019.10.20"]
[Round "7"]
[White "Schinner, Alexander"]
[Black "Schlaeger, Michael"]
[Result "1-0"]
[WhiteElo "1309"]
[BlackElo "1191"]
[PlyCount "83"]
[EventDate "2019.10.17"]
[EventType "swiss"]
[EventRounds "7"]
[EventCountry "GER"]
[SourceTitle "EXT 2023"]
[Source "ChessBase"]
[SourceDate "2022.10.05"]
[SourceVersion "1"]
[SourceVersionDate "2022.10.05"]
[SourceQuality "1"]

1. d4 g6 2. Nf3 Bg7 3. c4 Nf6 4. Nc3 0-0 5. e4 d6 6. g3 b6 7. Bg2 Bb7 8. d5 Nbd7 9. 0-0 Nc5 10. Re1 Re8 11. e5 dxe5 12. Nxe5 Nfd7 13. Nc6 Bxc6 14. dxc6 Ne5 15. Qxd8 Raxd8 16. Bf4 Ncd3 17. Bxe5 Nxe1 18. Rxe1 Bxe5 19. Rxe5 a6 20. Nd5 f6 21. Re3 e6 22. Nxf6+ Kf7 23. Nxe8 Rxe8 24. Rd3 Re7 25. Rd7 Rxd7 26. cxd7 Ke7 27. Bc6 e5 28. Kf1 e4 29. Ke2 h5 30. Ke3 g5 31. Kxe4 a5 32. Kf5 h4 33. Kxg5 hxg3 34. fxg3 a4 35. h4 a3 36. bxa3 b5 37. cxb5 Kd8 38. h5 Ke7 39. h6 Kd8 40. h7 Ke7 41. h8Q Ke6 42. Qf6# 1-0